[Event "HUN-chT Region CSB"]
[Site "Hungary"]
[Date "2022.04.09"]
[Round "9.5"]
[White "Marcibal, Jozsef"]
[Black "Korim, Zsolt"]
[Result "0-1"]
[WhiteElo "1405"]
[BlackElo "1777"]
[PlyCount "124"]
[EventDate "2021.11.06"]
[EventType "team-swiss"]
[EventRounds "10"]
[EventCountry "HUN"]
[SourceTitle "EXT 2023"]
[Source "ChessBase"]
[SourceDate "2022.10.05"]
[SourceVersion "1"]
[SourceVersionDate "2022.10.05"]
[SourceQuality "1"]
[WhiteTeam "Asvanyraro Szigetkoezi III"]
[BlackTeam "Tatabanya II"]
[WhiteTeamCountry "HUN"]
[BlackTeamCountry "HUN"]

1. d4 d5 2. Nf3 e6 3. Bf4 Nd7 4. e3 Ngf6 5. Nbd2 b6 6. Bb5 Bd6 7. Bg3 0-0 8. Ne5 a6 9. Bc6 Ra7 10. Ndf3 Bb7 11. Bh4 Be7 12. Bxb7 Rxb7 13. Nc6 Qe8 14. Nfe5 Bd6 15. Bg3 Ne4 16. Bf4 f6 17. Nd3 Qf7 18. 0-0 g5 19. Bxd6 Nxd6 20. f4 h6 21. fxg5 hxg5 22. Nde5 Nxe5 23. Nxe5 Qg7 24. Nc6 a5 25. Qg4 f5 26. Qh5 Ne4 27. Ne5 c5 28. Rf3 Nf6 29. Qg6 g4 30. Rff1 Qxg6 31. Nxg6 Rff7 32. Ne5 Rg7 33. c3 Ne4 34. dxc5 bxc5 35. Nd3 c4 36. Nf4 Rb6 37. Rfd1 g3 38. Rab1 Rd6 39. h3 a4 40. a3 Rgd7 41. Ng6 Kg7 42. Ne5 Rb7 43. h4 Kf6 44. Nf3 Nf2 45. Re1 e5 46. Re2 Rh7 47. Rxf2 gxf2+ 48. Kxf2 e4 49. Nd4 Rxh4 50. Rf1 Rb6 51. Kg3 Rh5 52. Rf2 Ke5 53. Rd2 Rg6+ 54. Kf2 Rhg5 55. Kg1 Rg3 56. Re2 Rf6 57. Kh2 Rg4 58. Rf2 f4 59. Kh3 Rg3+ 60. Kh2 Rxe3 61. Nc2 Rh6+ 62. Kg1 Rd3 0-1

[Event "HUN-chT Region CSB"]
[Site "Hungary"]
[Date "2022.03.12"]
[Round "8.3"]
[White "Selley, Gabor"]
[Black "Korim, Zsolt"]
[Result "0-1"]
[WhiteElo "1734"]
[BlackElo "1796"]
[PlyCount "70"]
[EventDate "2021.11.06"]
[EventType "team-swiss"]
[EventRounds "10"]
[EventCountry "HUN"]
[SourceTitle "EXT 2023"]
[Source "ChessBase"]
[SourceDate "2022.10.05"]
[SourceVersion "1"]
[SourceVersionDate "2022.10.05"]
[SourceQuality "1"]
[WhiteTeam "Vasalja Hatarmenti"]
[BlackTeam "Tatabanya II"]
[WhiteTeamCountry "HUN"]
[BlackTeamCountry "HUN"]

1. d4 d5 2. Nf3 Nf6 3. g3 e6 4. Bg2 Be7 5. 0-0 Nbd7 6. b3 b6 7. Bb2 Bb7 8. Nbd2 Rc8 9. c4 c6 10. Re1 0-0 11. Rc1 b5 12. e4 bxc4 13. bxc4 dxe4 14. Nxe4 Nxe4 15. Rxe4 Nf6 16. Re2 Qb6 17. Ne5 Rfd8 18. Qb3 Qa6 19. Qe3 Rf8 20. Bh3 Rc7 21. Nxf7 Rxf7 22. Bxe6 Bc8 23. Bxf7+ Kxf7 24. Qe5 Qb7 25. Bc3 Bg4 26. Rb2 Qc8 27. Rcb1 Qd7 28. Ba5 Rc8 29. Rb7 Qe6 30. Bb4 Qxe5 31. dxe5 Nd7 32. Rxa7 Rb8 33. a3 c5 34. Re1 cxb4 35. Rxd7 Bxd7 0-1

[Event "HUN-chT2 Breyer 1718"]
[Site "Hungary"]
[Date "2018.02.18"]
[Round "8.6"]
[White "Nadi, Ferenc"]
[Black "Korim, Zsolt"]
[Result "1/2-1/2"]
[WhiteElo "1997"]
[BlackElo "1832"]
[PlyCount "52"]
[EventDate "2017.09.24"]
[EventType "team-tourn"]
[EventRounds "11"]
[EventCountry "HUN"]
[SourceTitle "EXT 2021"]
[Source "ChessBase"]
[SourceDate "2020.10.23"]
[SourceVersion "1"]
[SourceVersionDate "2020.10.23"]
[SourceQuality "1"]
[WhiteTeam "Szekesfehervar"]
[BlackTeam "Tatabanya Turul"]
[WhiteTeamCountry "HUN"]
[BlackTeamCountry "HUN"]

1. d4 d5 2. c4 c6 3. Nf3 Bg4 4. Ne5 Bh5 5. cxd5 Qxd5 6. Nc3 Qa5 7. Qb3 Qb6 8. Qxb6 axb6 9. e3 e6 10. Bd3 Nf6 11. 0-0 Be7 12. h3 0-0 13. g4 Bg6 14. Nxg6 hxg6 15. Be2 b5 16. Bf3 Nbd7 17. Bg2 Nb6 18. b3 Nfd5 19. Nxd5 Nxd5 20. Bb2 Nb4 21. a4 bxa4 22. Rxa4 Rxa4 23. bxa4 Ra8 24. Ra1 Nc2 25. Rc1 Nb4 26. Ra1 Nc2 1/2-1/2

[Event "HUN-chT2 Breyer 1718"]
[Site "Hungary"]
[Date "2018.01.28"]
[Round "7.7"]
[White "Balazs, Andras"]
[Black "Korim, Zsolt"]
[Result "1/2-1/2"]
[WhiteElo "1889"]
[BlackElo "1804"]
[PlyCount "110"]
[EventDate "2017.09.24"]
[EventType "team-tourn"]
[EventRounds "11"]
[EventCountry "HUN"]
[SourceTitle "EXT 2021"]
[Source "ChessBase"]
[SourceDate "2020.10.23"]
[SourceVersion "1"]
[SourceVersionDate "2020.10.23"]
[SourceQuality "1"]
[WhiteTeam "Nyergesujfalu"]
[BlackTeam "Tatabanya Turul"]
[WhiteTeamCountry "HUN"]
[BlackTeamCountry "HUN"]

1. e4 c6 2. d4 d5 3. Nd2 dxe4 4. Nxe4 Bf5 5. Ng3 Bg6 6. f4 e6 7. Nf3 Nd7 8. Bc4 Ngf6 9. c3 Qc7 10. 0-0 Nb6 11. Bd3 Be7 12. Ne5 Bxd3 13. Qxd3 Rd8 14. Qe2 0-0 15. f5 Nbd7 16. Nxd7 Qxd7 17. Bg5 Nd5 18. Bxe7 Qxe7 19. Rae1 Rde8 20. Qd2 Qd7 21. fxe6 Rxe6 22. Rxe6 Qxe6 23. Re1 Qd7 24. Qe2 Nf6 25. Qe7 Rd8 26. Nf5 Qxe7 27. Rxe7 Rd7 28. Rxd7 Nxd7 29. Nd6 b6 30. Kf2 Kf8 31. Ke3 a6 32. c4 g6 33. b4 Ke7 34. c5 Ke6 35. Kd3 b5 36. Ne8 Nb8 37. a3 Ke7 38. Nd6 h5 39. Ke4 Ke6 40. Ne8 Ke7 41. Nd6 Ke6 42. Nb7 f6 43. Na5 g5 44. Nb7 f5+ 45. Kd3 h4 46. Nd6 Nd7 47. Ne8 Nb8 48. Ke3 Kd5 49. Kd3 Ke6 50. Ke3 Kd5 51. Kd3 Ke6 52. Ke3 Ke7 53. Nd6 Ke6 54. Ne8 Ke7 55. Nd6 Ke6 1/2-1/2

[Event "Gyor op-B 7th"]
[Site "Gyor"]
[Date "2016.07.08"]
[Round "5"]
[White "Korim, Zsolt"]
[Black "Toreky, Zsombor"]
[Result "1-0"]
[WhiteElo "1789"]
[BlackElo "1471"]
[PlyCount "46"]
[EventDate "2016.07.06"]
[EventType "swiss"]
[EventRounds "9"]
[EventCountry "HUN"]
[SourceTitle "EXT 2017"]
[Source "ChessBase"]
[SourceDate "2016.10.25"]
[SourceVersion "1"]
[SourceVersionDate "2016.10.25"]
[SourceQuality "1"]

1. d4 d5 2. Nf3 Nf6 3. g3 e6 4. c4 c5 5. e3 Nc6 6. a3 Be7 7. b3 a5 8. Nc3 0-0 9. Bb2 b6 10. Bg2 Ba6 11. Ne5 Qc7 12. Nb5 Bxb5 13. cxb5 Nxe5 14. dxe5 Nd7 15. f4 Rac8 16. Rc1 f6 17. Bh3 Kf7 18. Qh5+ Kg8 19. Bxe6+ Kh8 20. Bf5 h6 21. Qg6 Kg8 22. Qh7+ Kf7 23. e6+ Ke8 1-0

[Event "Gyor op-B 7th"]
[Site "Gyor"]
[Date "2016.07.07"]
[Round "2"]
[White "Janus, Tamas"]
[Black "Korim, Zsolt"]
[Result "0-1"]
[WhiteElo "1500"]
[BlackElo "1789"]
[PlyCount "128"]
[EventDate "2016.07.06"]
[EventType "swiss"]
[EventRounds "9"]
[EventCountry "HUN"]
[SourceTitle "EXT 2017"]
[Source "ChessBase"]
[SourceDate "2016.10.25"]
[SourceVersion "1"]
[SourceVersionDate "2016.10.25"]
[SourceQuality "1"]

1. e4 c6 2. Nc3 g6 3. d4 Bg7 4. Nf3 d6 5. h3 Nd7 6. Bf4 Qa5 7. Qd2 e5 8. dxe5 dxe5 9. Be3 Ngf6 10. Bc4 0-0 11. 0-0 b5 12. Bb3 b4 13. Ne2 Nxe4 14. Qd3 Nec5 15. Bxc5 Nxc5 16. Qe3 Ba6 17. Rfd1 Bxe2 18. Qxe2 e4 19. Nd4 Qb6 20. Qc4 Nxb3 21. axb3 c5 22. Ne2 a5 23. Qxe4 Rfe8 24. Qc4 Qc6 25. Ng3 Bxb2 26. Rab1 Bg7 27. Rd5 Rac8 28. Ne4 Re5 29. Rbd1 Rxd5 30. Rxd5 Qe6 31. Qd3 Bd4 32. Rd6 Qe7 33. Qa6 Re8 34. Nf6+ Bxf6 35. Rxf6 Qe1+ 36. Kh2 Qc3 37. Rf3 Qe5+ 38. Kg1 Qc7 39. Re3 Rd8 40. Rd3 Rc8 41. Qc4 Qe5 42. Rf3 Rc7 43. Re3 Qa1+ 44. Kh2 a4 45. Re8+ Kg7 46. bxa4 Qxa4 47. Qe4 Qd7 48. Ra8 Qd6+ 49. g3 Re7 50. Qd3 Qc6 51. Qd8 Re1 52. Qf8+ Kf6 53. Qd8+ Kf5 54. g4+ Ke5 55. Qe8+ Qe6 56. Qb8+ Kd5 57. Qb7+ Kc4 58. Qa6+ Qxa6 59. Rxa6 Re2 60. Rf6 Rxc2 61. Rxf7 b3 62. Kg3 b2 63. Rb7 Rc3+ 64. Kf4 Rb3 0-1

[Event "Gyor op-B 7th"]
[Site "Gyor"]
[Date "2016.07.07"]
[Round "3"]
[White "Korim, Zsolt"]
[Black "Papp, Gabor2222"]
[Result "1-0"]
[WhiteElo "1789"]
[BlackElo "1775"]
[PlyCount "127"]
[EventDate "2016.07.06"]
[EventType "swiss"]
[EventRounds "9"]
[EventCountry "HUN"]
[SourceTitle "EXT 2017"]
[Source "ChessBase"]
[SourceDate "2016.10.25"]
[SourceVersion "1"]
[SourceVersionDate "2016.10.25"]
[SourceQuality "1"]

1. d4 Nf6 2. Nf3 g6 3. g3 d5 4. Bg2 Bg7 5. c4 e6 6. 0-0 0-0 7. cxd5 exd5 8. Nc3 b6 9. Bf4 Nh5 10. Bg5 Bf6 11. Bh6 Re8 12. Rc1 Bb7 13. g4 Bg7 14. Bxg7 Nxg7 15. Qd2 Nd7 16. Nb5 Ne6 17. Ne5 Nxe5 18. dxe5 a6 19. Nc3 c6 20. f4 Qh4 21. f5 Ng5 22. Qf4 Rf8 23. Na4 Rad8 24. Nxb6 d4 25. Qg3 Qxg3 26. hxg3 Rfe8 27. Nc4 d3 28. e3 Rd7 29. Rfd1 d2 30. Rc3 Ree7 31. Na5 Rxe5 32. Nxb7 Rxb7 33. Rxd2 Ne4 34. Bxe4 Rxe4 35. f6 h6 36. Kf2 Re6 37. Ra3 Rxf6+ 38. Ke2 Ra7 39. Ra5 Kg7 40. e4 Re6 41. Rd4 Kf6 42. Kf3 Re5 43. Raa4 Ke6 44. Rac4 c5 45. Rd3 Rb7 46. Ra3 Rb6 47. b3 Kf6 48. Ra5 Rc6 49. b4 Ke7 50. bxc5 g5 51. Ke3 Ree6 52. Ra3 Rf6 53. Rb3 Rf1 54. Rd3 Ke6 55. Kd4 Rf2 56. a3 Rf1 57. Rb4 Rc1 58. Rc4 Rxc4+ 59. Kxc4 Ke5 60. Rd5+ Ke6 61. e5 f6 62. Rd6+ Rxd6 63. exd6 f5 64. gxf5+ 1-0

[Event "Gyor op-B 7th"]
[Site "Gyor"]
[Date "2016.07.06"]
[Round "1"]
[White "Korim, Zsolt"]
[Black "Somogyi, Barbara"]
[Result "1-0"]
[WhiteElo "1789"]
[BlackElo "1250"]
[PlyCount "53"]
[EventDate "2016.07.06"]
[EventType "swiss"]
[EventRounds "9"]
[EventCountry "HUN"]
[SourceTitle "EXT 2017"]
[Source "ChessBase"]
[SourceDate "2016.10.25"]
[SourceVersion "1"]
[SourceVersionDate "2016.10.25"]
[SourceQuality "1"]

1. Nf3 Nf6 2. d4 d5 3. g3 e6 4. Bg2 Nbd7 5. 0-0 Be7 6. b3 0-0 7. Bb2 c6 8. Nbd2 Qc7 9. Re1 Re8 10. e4 dxe4 11. Ne5 Nxe5 12. dxe5 Nd7 13. Bxe4 Nc5 14. Bg2 Bd7 15. Nc4 Rad8 16. Qg4 Kh8 17. Rad1 Rf8 18. Nd6 f6 19. Bd4 b6 20. Qh5 Be8 21. Nxe8 Rdxe8 22. exf6 gxf6 23. b4 e5 24. Rxe5 Nd7 25. Re6 Qc8 26. Rxc6 Qb8 27. Be4 1-0

[Event "HUN-chT2 Breyer 1516"]
[Site "Hungary"]
[Date "2015.12.06"]
[Round "6.9"]
[White "Brayer, Janos"]
[Black "Korim, Zsolt"]
[Result "1-0"]
[WhiteElo "1959"]
[BlackElo "1752"]
[PlyCount "85"]
[EventDate "2015.09.13"]
[EventType "team-tourn"]
[EventRounds "11"]
[EventCountry "HUN"]
[SourceTitle "CBM 170 Extra"]
[Source "ChessBase"]
[SourceDate "2016.02.25"]
[SourceVersion "1"]
[SourceVersionDate "2016.02.25"]
[SourceQuality "1"]
[WhiteTeam "Kisber Aszar"]
[BlackTeam "Turul"]
[WhiteTeamCountry "HUN"]
[BlackTeamCountry "HUN"]

1. d4 Nf6 2. Nf3 e6 3. e3 Be7 4. Nbd2 0-0 5. Bd3 b6 6. 0-0 Bb7 7. b3 c5 8. Bb2 cxd4 9. exd4 Na6 10. c4 Nb4 11. Bb1 d5 12. a3 Nc6 13. Qc2 g6 14. Re1 Rc8 15. Ba2 Qd7 16. Rac1 Bd6 17. Ne5 Bxe5 18. dxe5 Nh5 19. Qd3 Rfd8 20. g4 dxc4 21. Qxd7 Rxd7 22. Nxc4 Nf4 23. Rcd1 Rcc7 24. Nd6 Ba6 25. Ne8 Rxd1 26. Rxd1 Ne2+ 27. Kg2 Rc8 28. Nf6+ Kg7 29. Rd6 Ne7 30. Bb1 Bb7+ 31. Kf1 Nf4 32. Rd7 Ba6+ 33. Ke1 Nc6 34. Be4 Na5 35. Rxa7 Bd3 36. b4 Bxe4 37. Nxe4 Nc4 38. Nd6 Nd3+ 39. Ke2 Nxd6 40. Kxd3 Nc4 41. Bd4 Rd8 42. Kxc4 b5+ 43. Kc3 1-0

[Event "Tatabanya Genius Cup 2nd"]
[Site "Tatabanya"]
[Date "2014.09.05"]
[Round "4"]
[White "Pasztor, Balazs"]
[Black "Korim, Zsolt"]
[Result "0-1"]
[WhiteElo "1410"]
[BlackElo "1772"]
[PlyCount "90"]
[EventDate "2014.08.31"]
[EventType "swiss"]
[EventRounds "6"]
[EventCountry "HUN"]
[SourceTitle "EXT 2019"]
[Source "ChessBase"]
[SourceDate "2018.10.10"]
[SourceVersion "1"]
[SourceVersionDate "2018.10.10"]
[SourceQuality "1"]

1. e4 c6 2. d4 d5 3. Nc3 e6 4. Nf3 dxe4 5. Nxe4 Nd7 6. Bd3 Ngf6 7. 0-0 Be7 8. Bf4 Nxe4 9. Bxe4 Nf6 10. Bd3 h6 11. Re1 b5 12. c3 Bb7 13. Qe2 Nd7 14. Be5 Bf6 15. b4 0-0 16. Qe4 g6 17. Bf4 Bg7 18. Ne5 Nxe5 19. Bxe5 Qe7 20. Qg4 a5 21. bxa5 Rxa5 22. h3 Ra3 23. Re3 h5 24. Qg3 Rxc3 25. Bxg7 Kxg7 26. Rae1 Qf6 27. Rf3 Qe7 28. d5 e5 29. Rxe5 Qd6 30. Qg5 Rxd3 31. Rxd3 f6 32. Re6 Qxe6 33. dxe6 fxg5 34. Rd7+ Kf6 35. Rxb7 Kxe6 36. Rg7 Rf6 37. f3 Kd5 38. Kf2 Re6 39. Rd7+ Kc4 40. Rd1 b4 41. Rb1 c5 42. Rb3 Ra6 43. Rb2 Kc3 44. Re2 c4 45. Re3+ Kb2 0-1

[Event "Tatabanya Genius Cup 1st"]
[Site "Tatabanya"]
[Date "2013.03.17"]
[Round "6"]
[White "Papp, Jozsef1111"]
[Black "Korim, Zsolt"]
[Result "1-0"]
[WhiteElo "1734"]
[BlackElo "1750"]
[PlyCount "75"]
[EventDate "2013.03.14"]
[EventType "swiss"]
[EventRounds "6"]
[EventCountry "HUN"]
[SourceTitle "EXT 2014"]
[Source "ChessBase"]
[SourceDate "2013.11.20"]
[SourceVersion "1"]
[SourceVersionDate "2013.11.20"]
[SourceQuality "1"]

1. e4 c6 2. c4 g6 3. Nc3 Bg7 4. d4 d6 5. Be3 Nf6 6. Be2 0-0 7. Nf3 Ng4 8. Bd2 f5 9. exf5 Bxf5 10. 0-0 Qb6 11. Na4 Qc7 12. Nh4 Nxf2 13. Rxf2 Bxd4 14. Nf3 Bxf2+ 15. Kxf2 e5 16. Kg1 Nd7 17. Bh6 Rfe8 18. Qd2 Nf6 19. Nc3 Ng4 20. h3 Qb6+ 21. Kh1 Nf2+ 22. Kh2 Re6 23. Be3 Qc7 24. Bxf2 e4 25. Ng5 Re7 26. g4 Bd7 27. Ngxe4 Rf8 28. Bg3 Qa5 29. Bxd6 Rxe4 30. Bxf8 Qe5+ 31. Kg2 Rd4 32. Qh6 c5 33. Qg7+ Qxg7 34. Bxg7 Kxg7 35. Kg3 Rd2 36. Rd1 Rxd1 37. Bxd1 g5 38. Ne4 1-0

[Event "HUN-chT2 Breyer 1213"]
[Site "Hungary"]
[Date "2013.01.27"]
[Round "7.10"]
[White "Fekete, Andras"]
[Black "Korim, Zsolt"]
[Result "1-0"]
[WhiteElo "1951"]
[BlackElo "1750"]
[PlyCount "77"]
[EventDate "2012.09.16"]
[EventType "team-tourn"]
[EventRounds "11"]
[EventCountry "HUN"]
[SourceTitle "EXT 2014"]
[Source "ChessBase"]
[SourceDate "2013.11.20"]
[SourceVersion "1"]
[SourceVersionDate "2013.11.20"]
[SourceQuality "1"]
[WhiteTeam "Biatorbagy"]
[BlackTeam "Turul"]
[WhiteTeamCountry "HUN"]
[BlackTeamCountry "HUN"]

1. d4 d5 2. Nc3 Nf6 3. Nf3 c6 4. e3 Bf5 5. Bd3 Bxd3 6. Qxd3 Nbd7 7. 0-0 e6 8. e4 dxe4 9. Nxe4 Nxe4 10. Qxe4 Nf6 11. Qd3 Be7 12. Bf4 0-0 13. Be5 h6 14. h3 Nd7 15. Bg3 Rc8 16. Rfd1 Qb6 17. b3 Rfd8 18. c4 Bf6 19. Rac1 Qa6 20. a4 b6 21. Qe4 Qa5 22. Rd3 Qb4 23. Rcd1 Re8 24. Qg4 Qe7 25. Bf4 Kh7 26. Re1 g5 27. Bd2 Bg7 28. Bxg5 hxg5 29. Nxg5+ Kg8 30. Rf3 Nf6 31. Qh4 a6 32. Ree3 b5 33. axb5 cxb5 34. c5 Rc7 35. Qg3 Qd8 36. Rd3 Kf8 37. h4 Bh6 38. Rxf6 Qxf6 39. Nh7+ 1-0

[Event "HUN-chT2 Breyer 1213"]
[Site "Hungary"]
[Date "2012.12.02"]
[Round "5.9"]
[White "Korim, Zsolt"]
[Black "Pram, Imre"]
[Result "1/2-1/2"]
[WhiteElo "1750"]
[BlackElo "2021"]
[PlyCount "80"]
[EventDate "2012.09.16"]
[EventType "team-tourn"]
[EventRounds "11"]
[EventCountry "HUN"]
[SourceTitle "EXT 2014"]
[Source "ChessBase"]
[SourceDate "2013.11.20"]
[SourceVersion "1"]
[SourceVersionDate "2013.11.20"]
[SourceQuality "1"]
[WhiteTeam "Turul"]
[BlackTeam "Gyor Komszomol"]
[WhiteTeamCountry "HUN"]
[BlackTeamCountry "HUN"]

1. d4 d5 2. Nf3 Nf6 3. g3 Bg4 4. Nbd2 e6 5. Bg2 c5 6. c3 Nc6 7. 0-0 Be7 8. Re1 0-0 9. b3 Rc8 10. Ne5 Nxe5 11. dxe5 Nd7 12. h3 Bh5 13. g4 Bg6 14. f4 f6 15. exf6 Bxf6 16. Bb2 Qb6 17. Kh1 Rfd8 18. e4 dxe4 19. Nxe4 Ne5 20. Qe2 Nd3 21. Rf1 c4 22. Rad1 Bxe4 23. Bxe4 Nxb2 24. Rxd8+ Rxd8 25. Qxb2 Qe3 26. Qg2 cxb3 27. axb3 Qxc3 28. Qf3 Qb4 29. Rf2 Rc8 30. Re2 Rc3 31. Re3 Rc1+ 32. Kg2 Qd2+ 33. Re2 Qd1 34. Kg3 Qg1+ 35. Qg2 Qd4 36. Kh2 Bd8 37. Rd2 Qb6 38. Qf2 Qc7 39. Kg3 Rc3+ 40. Rd3 Be7 1/2-1/2

[Event "HUN-chT2 Breyer 1112"]
[Site "Hungary"]
[Date "2012.04.22"]
[Round "9.8"]
[White "Tessedik, Karoly"]
[Black "Korim, Zsolt"]
[Result "1-0"]
[WhiteElo "1864"]
[BlackElo "1886"]
[PlyCount "105"]
[EventDate "2011.09.25"]
[EventType "team-tourn"]
[EventRounds "11"]
[EventCountry "HUN"]
[SourceTitle "EXT 2013"]
[Source "ChessBase"]
[SourceDate "2012.11.22"]
[SourceVersion "1"]
[SourceVersionDate "2012.11.22"]
[SourceQuality "1"]
[WhiteTeam "Torokbalint"]
[BlackTeam "Turul"]
[WhiteTeamCountry "HUN"]
[BlackTeamCountry "HUN"]

1. d4 Nf6 2. c4 e6 3. Nc3 Bb4 4. Qc2 0-0 5. a3 Bxc3+ 6. bxc3 d5 7. cxd5 Qxd5 8. f3 Nc6 9. e4 Qa5 10. Bd2 Qh5 11. Rb1 Ne7 12. Rb5 Qg6 13. Rg5 Qh6 14. e5 Nfd5 15. Bd3 g6 16. Rxg6+ Qxg6 17. Bxg6 fxg6 18. Nh3 Kg7 19. c4 Nb6 20. Bb4 Re8 21. 0-0 Nf5 22. Qd3 a5 23. Bc3 Na4 24. Ba1 Bd7 25. Nf2 Rab8 26. Ne4 b5 27. Nf6 Red8 28. Rc1 b4 29. axb4 axb4 30. Qb3 Nc3 31. Bxc3 bxc3 32. Qxc3 c6 33. g4 Ne7 34. Ra1 Rb7 35. h4 Rdb8 36. Qa3 Be8 37. Qc5 Bf7 38. Ne4 Rb1+ 39. Rxb1 Rxb1+ 40. Kg2 Rb2+ 41. Kg3 Rb7 42. Nd6 Rd7 43. f4 h6 44. Kf3 Bg8 45. Ke4 Bf7 46. Qb6 h5 47. Kf3 hxg4+ 48. Kxg4 Nf5 49. Qxc6 Ra7 50. Nxf5+ gxf5+ 51. Kg3 Ra3+ 52. Kf2 Rh3 53. Qg2+ 1-0